Vista normal Vista MARC

Entrada Materia (geográfica)

Número de registros utilizados en: 1

001 - CONTROL NUMBER

  • control field: 162732

003 - CONTROL NUMBER IDENTIFIER

  • control field: Co-BoUCM

005 - DATE AND TIME OF LATEST TRANSACTION

  • control field: 20211111073948.0

008 - FIXED-LENGTH DATA ELEMENTS

  • fixed length control field: 211111|| aca||aabn | a|a d

040 ## - CATALOGING SOURCE

  • Original cataloging agency: Co-BoUCM
  • Transcribing agency: Co-BoUCM

151 ## - HEADING--GEOGRAPHIC NAME

  • Geographic name: Cali (Valle del Cauca, Colombia)
  • General subdivision: Leyendas
  • Form subdivision: Novela

670 ## - SOURCE DATA FOUND

  • Source citation: Work cat.: (Co-BoUCM)49715: Tafur González, Javier 1945- 162731, Jovita o la biografía de las ilusiones, 2005